<?xml version="1.0" encoding="UTF-8"?>
<collection xmlns:xsi="http://www.w3.org/2001/XMLSchema-instance" xsi:schemaLocation="http://www.loc.gov/MARC21/slim http://www.loc.gov/standards/marcxml/schema/MARC21slim.xsd" xmlns="http://www.loc.gov/MARC21/slim">
 <record>
  <leader>00000cjm a22000001a 4500</leader>
  <controlfield tag="001">UP-99796217610615954</controlfield>
  <controlfield tag="003">Buklod</controlfield>
  <controlfield tag="005">20130220131555.0</controlfield>
  <controlfield tag="006">a     r    |||| u|</controlfield>
  <controlfield tag="007">s| u||||||u|u|</controlfield>
  <controlfield tag="008">130220s1992    xx     d|||||||||||||| | </controlfield>
  <datafield tag="035" ind1=" " ind2=" ">
   <subfield code="a">(iLib)UPD-00194805770</subfield>
  </datafield>
  <datafield tag="040" ind1=" " ind2=" ">
   <subfield code="a">LC</subfield>
   <subfield code="d">DMUS</subfield>
  </datafield>
  <datafield tag="041" ind1="0" ind2=" ">
   <subfield code="d">eng</subfield>
   <subfield code="d">ger</subfield>
   <subfield code="d">ita</subfield>
   <subfield code="e">eng</subfield>
   <subfield code="e">ger</subfield>
   <subfield code="e">ita</subfield>
   <subfield code="g">eng</subfield>
  </datafield>
  <datafield tag="090" ind1=" " ind2=" ">
   <subfield code="a">CD 1923</subfield>
  </datafield>
  <datafield tag="100" ind1="1" ind2=" ">
   <subfield code="a">Battle, Kathleen.</subfield>
   <subfield code="4">voc</subfield>
  </datafield>
  <datafield tag="245" ind1="1" ind2="0">
   <subfield code="a">Baroque duet</subfield>
   <subfield code="h">[sound recording].</subfield>
  </datafield>
  <datafield tag="264" ind1=" " ind2="1">
   <subfield code="a">New York, N.Y.</subfield>
   <subfield code="b">Sony Classical</subfield>
   <subfield code="c">p1992.</subfield>
  </datafield>
  <datafield tag="300" ind1=" " ind2=" ">
   <subfield code="a">1 sound disc (65 min., 22 sec.)</subfield>
   <subfield code="b">digital</subfield>
   <subfield code="c">4 3/4 in.</subfield>
  </datafield>
  <datafield tag="500" ind1=" " ind2=" ">
   <subfield code="a">Program notes by Ellen T. Harris and texts, with English translations of the German and Italian works ([20] p.) in container.</subfield>
  </datafield>
  <datafield tag="505" ind1="0" ind2=" ">
   <subfield code="a">Samson, HWV 57. Let the bright seraphim / Handel (5:33) -- 7 arie con tromba sola. No. 1, Si suoni la tromba (3:39) ; No. 3, Con voce festiva (1:30) ; No. 4, Rompe sprezza (1:19) ; No. 6, Mio tesoro per te moro (aria in forma di menuet alla Francese) (4:44) / Scarlatti -- Su le sponde del tebro (cantata a voce sola con violini e tromba) / Scarlatti (16:00) -- Ode for the birthday of Queen Anne, HWV 74. Eternal source of light divine / Handel (2:53) -- Zenobia. Pace una volta / Predieri (6:13) -- Sinfonia before Il barcheggio (part 1) for trumpet, strings and basso continuo, D major / Stradella (7:00) -- Ich hatte viel Bek?ummernis, cantata no. 21. Seufzer, Tr?anen, Kummer, Not / J.S. Bach (4:16) -- O! come chiare e belle, HWV 143, cantata no. 19. Alle voci del bronzo guerriero / Handel (3:35) -- Jauchzet Gott in allen Landen, cantata no. 51. Aria : Jauchzet Gott in allen Landen (4:34) ; Chorale : Sei Lob und Preis mit Ehren ; Alleluja (5:55) / J.S. Bach.</subfield>
  </datafield>
  <datafield tag="511" ind1="0" ind2=" ">
   <subfield code="a">Kathleen Battle, soprano ; Wynton Marsalis, trumpet ; Orchestra of St. Luke's ; John Nelson, conductor ; Anthony Newman, harpsichord, organ continuo.</subfield>
  </datafield>
  <datafield tag="518" ind1=" " ind2=" ">
   <subfield code="a">Recorded at the Academy of Arts and Letters, New York City, Sept. 28 and Oct. 8, 1990 and July 22, 1991.</subfield>
  </datafield>
  <datafield tag="650" ind1=" " ind2="0">
   <subfield code="a">Oratorios</subfield>
   <subfield code="v">Excerpts.</subfield>
  </datafield>
  <datafield tag="650" ind1=" " ind2="0">
   <subfield code="a">Songs (High voice) with instrumental ensemble.</subfield>
  </datafield>
  <datafield tag="650" ind1=" " ind2="0">
   <subfield code="a">Solo cantatas, Secular (High voice)</subfield>
  </datafield>
  <datafield tag="650" ind1=" " ind2="0">
   <subfield code="a">Cantatas</subfield>
   <subfield code="v">Excerpts.</subfield>
  </datafield>
  <datafield tag="650" ind1=" " ind2="0">
   <subfield code="a">Operas</subfield>
   <subfield code="v">Excerpts.</subfield>
  </datafield>
  <datafield tag="650" ind1=" " ind2="0">
   <subfield code="a">Overtures.</subfield>
  </datafield>
  <datafield tag="700" ind1="1" ind2=" ">
   <subfield code="a">Marsalis, Wynton</subfield>
   <subfield code="d">1961-</subfield>
   <subfield code="4">itr.</subfield>
  </datafield>
  <datafield tag="700" ind1="1" ind2=" ">
   <subfield code="a">Nelson, John</subfield>
   <subfield code="d">1941-</subfield>
   <subfield code="4">cnd.</subfield>
  </datafield>
  <datafield tag="700" ind1="1" ind2=" ">
   <subfield code="a">Newman, Anthony.</subfield>
   <subfield code="4">itr.</subfield>
  </datafield>
  <datafield tag="700" ind1="1" ind2="2">
   <subfield code="a">Handel, George Frideric</subfield>
   <subfield code="d">1685-1759.</subfield>
   <subfield code="t">Samson.</subfield>
   <subfield code="p">Let the bright seraphim.</subfield>
  </datafield>
  <datafield tag="700" ind1="1" ind2="2">
   <subfield code="a">Scarlatti, Alessandro</subfield>
   <subfield code="d">1660-1725.</subfield>
   <subfield code="t">Arias</subfield>
   <subfield code="m">soprano, trumpet, continuo.</subfield>
   <subfield code="p">Si suoni la tromba.</subfield>
  </datafield>
  <datafield tag="700" ind1="1" ind2="2">
   <subfield code="a">Scarlatti, Alessandro</subfield>
   <subfield code="d">1660-1725.</subfield>
   <subfield code="t">Arias</subfield>
   <subfield code="m">soprano, trumpet, continuo.</subfield>
   <subfield code="p">Con voce festiva.</subfield>
  </datafield>
  <datafield tag="700" ind1="1" ind2="2">
   <subfield code="a">Scarlatti, Alessandro</subfield>
   <subfield code="d">1660-1725.</subfield>
   <subfield code="t">Arias</subfield>
   <subfield code="m">soprano, trumpet, continuo.</subfield>
   <subfield code="p">Rompe, sprezza.</subfield>
  </datafield>
  <datafield tag="700" ind1="1" ind2="2">
   <subfield code="a">Scarlatti, Alessandro</subfield>
   <subfield code="d">1660-1725.</subfield>
   <subfield code="t">Arias</subfield>
   <subfield code="m">soprano, trumpet, continuo.</subfield>
   <subfield code="p">Mio tesoro.</subfield>
  </datafield>
  <datafield tag="700" ind1="1" ind2="2">
   <subfield code="a">Scarlatti, Alessandro</subfield>
   <subfield code="d">1660-1725.</subfield>
   <subfield code="t">Su le sponde del Tebro.</subfield>
  </datafield>
  <datafield tag="700" ind1="1" ind2="2">
   <subfield code="a">Handel, George Frideric</subfield>
   <subfield code="d">1685-1759.</subfield>
   <subfield code="t">Ode for the birthday of Queen Anne.</subfield>
   <subfield code="p">Eternal source of light divine.</subfield>
  </datafield>
  <datafield tag="700" ind1="1" ind2="2">
   <subfield code="a">Predieri, Luca Antonio</subfield>
   <subfield code="d">1688-1767.</subfield>
   <subfield code="t">Zenobia.</subfield>
   <subfield code="p">Pace una volta.</subfield>
  </datafield>
  <datafield tag="700" ind1="1" ind2="2">
   <subfield code="a">Stradella, Alessandro</subfield>
   <subfield code="d">1639-1682.</subfield>
   <subfield code="t">Barcheggio.</subfield>
   <subfield code="p">Sinfonia</subfield>
   <subfield code="n">no. 1.</subfield>
  </datafield>
  <datafield tag="700" ind1="1" ind2="2">
   <subfield code="a">Bach, Johann Sebastian</subfield>
   <subfield code="d">1685-1750.</subfield>
   <subfield code="t">Ich hatte viel Bek?ummernis.</subfield>
   <subfield code="p">Seufzer, Tr?anen, Kummer, Not.</subfield>
  </datafield>
  <datafield tag="700" ind1="1" ind2="2">
   <subfield code="a">Handel, George Frideric</subfield>
   <subfield code="d">1685-1759.</subfield>
   <subfield code="t">Oh come chiare e belle.</subfield>
   <subfield code="p">Alle voci del bronzo guerriero.</subfield>
  </datafield>
  <datafield tag="700" ind1="1" ind2="2">
   <subfield code="a">Bach, Johann Sebastian</subfield>
   <subfield code="d">1685-1750.</subfield>
   <subfield code="t">Jauchzet Gott in allen Landen.</subfield>
   <subfield code="p">Jauchzet Gott in allen Landen.</subfield>
  </datafield>
  <datafield tag="700" ind1="1" ind2="2">
   <subfield code="a">Bach, Johann Sebastian</subfield>
   <subfield code="d">1685-1750.</subfield>
   <subfield code="t">Jauchzet Gott in allen Landen.</subfield>
   <subfield code="p">Sei Lob und Preis mit Ehren.</subfield>
  </datafield>
  <datafield tag="710" ind1="2" ind2=" ">
   <subfield code="a">Orchestra of St. Luke's.</subfield>
   <subfield code="4">prf.</subfield>
  </datafield>
  <datafield tag="852" ind1="0" ind2=" ">
   <subfield code="a">UPD</subfield>
   <subfield code="b">DMUS</subfield>
   <subfield code="h">CD 1923</subfield>
  </datafield>
  <datafield tag="942" ind1=" " ind2=" ">
   <subfield code="a">Music</subfield>
  </datafield>
 </record>
</collection>
